Técnicas para el cuidado de la voz /
Exposición de técnicas fonatorias para la utilización de la voz, lograr una tonalidad adecuada y timbrada que haga llegar la voz sin esfuerzo, evitar los problemas causados por el mal uso de la voz y corregir los problemas patológicos en la laringe. La profesora de canto y logofoniatría Carmen Quiño...
Guardado en:
| Hovedforfatter: | |
|---|---|
| Format: | |
| Sprog: | spansk |
| Udgivet: |
Madrid, España :
Wolters Kluwer,
2011, c2011
|
| Udgivelse: | Edición formada por un libro y un DVD audiovisual |
| Fag: | |
| Tags: |
Ingen Tags, Vær først til at tagge denne postø!
|
MARC
| LEADER | 00000ngm^a2200000^a^4500 | ||
|---|---|---|---|
| 001 | 000326350 | ||
| 005 | 20250521000000.0 | ||
| 008 | 120831 20112011 | ||
| 009 | 20260310113805.375 | ||
| 020 | |a 978-84-9987-034-2 | ||
| 037 | |a Acervo ITESO - Biblioteca | ||
| 041 | |a ESP | ||
| 082 | |a 809. 51 |b QUI V. 2 | ||
| 100 | |a Quiñones, Carmen |e (autor) | ||
| 240 | 1 | 1 | |a [Técnicas para el cuidado de la voz] |
| 245 | 1 | 0 | |a Técnicas para el cuidado de la voz / |c C. Quiñones. |
| 250 | |a Edición formada por un libro y un DVD audiovisual | ||
| 264 | 4 | |a Madrid, España : |b Wolters Kluwer, |c 2011, c2011 | |
| 300 | |a 1 DVD sin dato de región PAL (33 min.) : |b color | ||
| 336 | |a imagen móvil bidimensional |b tdi |2 rdacontenido | ||
| 337 | |a video |b v |2 rdamedio | ||
| 338 | |a videodisco |b vd |2 rdasoporte | ||
| 520 | |a Exposición de técnicas fonatorias para la utilización de la voz, lograr una tonalidad adecuada y timbrada que haga llegar la voz sin esfuerzo, evitar los problemas causados por el mal uso de la voz y corregir los problemas patológicos en la laringe. La profesora de canto y logofoniatría Carmen Quiñones desarrolla el programa en los siguientes capítulos: 1) La relajación, 2) La articulación, 3) La respiración y 4) La impostación. El presente DVD es complementario de un libro y está disponible en el Fondo de Material Audiovisual de la Biblioteca del ITESO, en tanto la publicación impresa está localizada en el acervo general. | ||
| 649 | |a XX | ||
| 650 | |a Relajación | ||
| 650 | |a Respiración | ||
| 650 | |a Educación de la Voz - |x Tema Principal | ||
| 650 | |a Voz | ||
| 650 | |a Música Vocal | ||
| 650 | |a Oratoria | ||
| 650 | |a Comunicación Oral | ||
| 650 | |a Comunicación Verbal | ||
| 650 | |a Foniatría | ||
| 650 | |a Medicina | ||
| 910 | |a Fondo General | ||
| 920 | |a Audiovisuales - DVDs | ||
| 940 | |a Películas | ||
| 905 | |a 308 | ||
| 901 | |a DVD0008274 |b IT2 |c DVR |u 20250521 | ||
| 902 | |a https://opac.biblio.iteso.mx/vufind/Record/000326350 | ||